[PAROLES] - Destination finale - LARTISTE - Paroles - Statistiques

Statistiques générales
  • Ce quiz a été pris 20 fois
    15 depuis la dernière actualisation
  • Le résultat moyen est 13 sur 659
Statistiques - réponses
Paroles % Correct
du
100%
heures
100%
mat
100%
Quinze
89%
tu
89%
le
67%
pousses
67%
son
67%
Tu
67%
des
56%
des
56%
et
56%
fais
56%
pompes
56%
tractions
44%
repenses
33%
Tu
33%
aux
22%
cris
22%
de
22%
ta
22%
coup
11%
d
11%
victime
11%
à
0%
à
0%
à
0%
a
0%
à
0%
à
0%
à
0%
a
0%
à
0%
à
0%
a
0%
à
0%
à
0%
à
0%
acclame
0%
aime
0%
aime
0%
aime
0%
allemande
0%
allemande
0%
allemande
0%
alors
0%
amandes
0%
amandes
0%
amandes
0%
amende
0%
amende
0%
amende
0%
anesthésiée
0%
ange
0%
appeler
0%
argent
0%
arrête
0%
arrière
0%
as
0%
as
0%
as
0%
attachée
0%
attraction
0%
au
0%
Au
0%
au
0%
autour
0%
avant
0%
Avec
0%
avec
0%
balle
0%
balles
0%
balles
0%
bang
0%
bang
0%
bang
0%
barre
0%
Bécane
0%
belle
0%
bête
0%
bled
0%
bois
0%
bois
0%
c
0%
C
0%
c
0%
c
0%
c
0%
C
0%
c
0%
C
0%
ça
0%
ça
0%
ça
0%
Ca
0%
ça
0%
ça
0%
ça
0%
ça
0%
Ca
0%
ça
0%
ça
0%
ça
0%
Ca
0%
câble
0%
Car
0%
Casque
0%
ce
0%
Ce
0%
Ce
0%
Ce
0%
ce
0%
ce
0%
Ce
0%
Ce
0%
Ce
0%
ce
0%
ce
0%
ce
0%
Ce
0%
Ce
0%
Ce
0%
ce
0%
chahed
0%
chaud
0%
chaud
0%
chaud
0%
chez
0%
cocaïné
0%
coeur
0%
Coke
0%
Coke
0%
Coke
0%
combats
0%
combats
0%
commandes
0%
commandes
0%
commandes
0%
Comme
0%
Comme
0%
comme
0%
Comme
0%
corps
0%
couilles
0%
coup
0%
cries
0%
cross
0%
d
0%
d
0%
dans
0%
dans
0%
dans
0%
dans
0%
dans
0%
de
0%
de
0%
de
0%
de
0%
de
0%
de
0%
de
0%
de
0%
de
0%
de
0%
de
0%
de
0%
de
0%
de
0%
de
0%
de
0%
de
0%
dead
0%
Décembre
0%
Décembre
0%
Décembre
0%
défaut
0%
défaut
0%
défaut
0%
demain
0%
des
0%
des
0%
des
0%
des
0%
des
0%
des
0%
des
0%
des
0%
des
0%
des
0%
descendent
0%
descendent
0%
descendent
0%
devenu
0%
distraction
0%
dit
0%
dit
0%
dit
0%
donc
0%
dors
0%
du
0%
effort
0%
Elle
0%
elle
0%
Elle
0%
elle
0%
Elle
0%
elle
0%
elle
0%
Elle
0%
elle
0%
elle
0%
Elle
0%
elle
0%
elle
0%
en
0%
en
0%
entends
0%
es
0%
est
0%
est
0%
est
0%
est
0%
est
0%
est
0%
est
0%
est
0%
est
0%
est
0%
est
0%
est
0%
est
0%
est
0%
est
0%
est
0%
est
0%
est
0%
est
0%
est
0%
est
0%
est
0%
est
0%
est
0%
est
0%
est
0%
et
0%
Et
0%
et
0%
eu
0%
eux
0%
faire
0%
fais
0%
fais
0%
fais
0%
fais
0%
fait
0%
fait
0%
faux
0%
faux
0%
faux
0%
fesses
0%
feu
0%
feu
0%
fou
0%
fou
0%
fou
0%
fou
0%
fou
0%
fou
0%
fou
0%
fou
0%
fou
0%
fou
0%
fou
0%
fou
0%
fou
0%
fou
0%
fou
0%
François
0%
François
0%
François
0%
frères
0%
frères
0%
frères
0%
frères
0%
frères
0%
frères
0%
fumé
0%
gens
0%
gens
0%
gens
0%
guetto
0%
guetto
0%
guetto
0%
hagar
0%
hagar
0%
heure
0%
histoires
0%
hiver
0%
Hollande
0%
Hollande
0%
Hollande
0%
homme
0%
impossible
0%
insomniaque
0%
J
0%
j
0%
J
0%
j
0%
J
0%
j
0%
jamais
0%
jamais
0%
Janvier
0%
Janvier
0%
Janvier
0%
jetée
0%
joué
0%
jour
0%
jour
0%
jours
0%
jours
0%
jours
0%
jusqu
0%
l
0%
l
0%
l
0%
l
0%
l
0%
l
0%
l
0%
l
0%
0%
la
0%
la
0%
la
0%
la
0%
La
0%
la
0%
la
0%
le
0%
le
0%
le
0%
le
0%
le
0%
le
0%
le
0%
le
0%
le
0%
le
0%
le
0%
le
0%
le
0%
le
0%
le
0%
le
0%
légende
0%
légende
0%
légende
0%
les
0%
les
0%
les
0%
les
0%
les
0%
les
0%
les
0%
les
0%
les
0%
les
0%
les
0%
les
0%
les
0%
les
0%
les
0%
les
0%
les
0%
loue
0%
mains
0%
mais
0%
mais
0%
mal
0%
mal
0%
mal
0%
mal
0%
marche
0%
Mekness
0%
même
0%
même
0%
mènes
0%
mes
0%
mes
0%
mes
0%
mes
0%
mes
0%
mes
0%
met
0%
met
0%
met
0%
mets
0%
meurs
0%
meurt
0%
meurt
0%
meurt
0%
milieu
0%
Mis
0%
Mis
0%
Mis
0%
mon
0%
mon
0%
mon
0%
mon
0%
mon
0%
mon
0%
monde
0%
monde
0%
monde
0%
monde
0%
monde
0%
monde
0%
monde
0%
monde
0%
monde
0%
monde
0%
monde
0%
monde
0%
monde
0%
monde
0%
monde
0%
monde
0%
mort
0%
ne
0%
nez
0%
nez
0%
nez
0%
Nhen
0%
night
0%
niquée
0%
nouvelle
0%
ombres
0%
on
0%
On
0%
on
0%
On
0%
on
0%
on
0%
on
0%
Ou
0%
par
0%
par
0%
par
0%
par
0%
Parce
0%
partout
0%
partout
0%
Partout
0%
Partout
0%
Partout
0%
pas
0%
pas
0%
pas
0%
passe
0%
passe
0%
passe
0%
penser
0%
pètes
0%
petit
0%
petit
0%
petits
0%
petits
0%
peu
0%
pièce
0%
pieds
0%
plus
0%
plus
0%
Poto
0%
Poto
0%
Poto
0%
Poto
0%
Poto
0%
Poto
0%
pour
0%
pour
0%
pour
0%
pour
0%
pour
0%
pour
0%
présente
0%
princesse
0%
princesse
0%
pris
0%
profite
0%
projets
0%
pue
0%
qu
0%
qu
0%
qu
0%
qu
0%
qu
0%
qu
0%
qu
0%
qu
0%
qu
0%
qu
0%
que
0%
que
0%
que
0%
que
0%
que
0%
que
0%
Qui
0%
qui
0%
Qui
0%
qui
0%
Qui
0%
qui
0%
rafale
0%
réceptionne
0%
réceptionne
0%
réceptionne
0%
réclames
0%
récupérer
0%
respect
0%
respecte
0%
respecte
0%
respecte
0%
respectes
0%
reviennent
0%
Revoyez
0%
rien
0%
rien
0%
Rien
0%
s
0%
s
0%
s
0%
s
0%
s
0%
s
0%
s
0%
s
0%
s
0%
sa
0%
salle
0%
sans
0%
séquestration
0%
sera
0%
serrage
0%
ses
0%
sexe
0%
sheitan
0%
shit
0%
shit
0%
shit
0%
Si
0%
Si
0%
Si
0%
soir
0%
soleil
0%
son
0%
son
0%
Son
0%
sont
0%
sont
0%
sont
0%
sont
0%
sont
0%
sont
0%
sors
0%
sous
0%
sous
0%
sous
0%
sous
0%
sous
0%
sport
0%
t
0%
t
0%
T
0%
t
0%
ta
0%
tante
0%
te
0%
te
0%
te
0%
te
0%
te
0%
te
0%
terrain
0%
terre
0%
tiens
0%
toi
0%
toi
0%
Tous
0%
Tous
0%
Tous
0%
tout
0%
Tout
0%
tout
0%
tout
0%
Tout
0%
toute
0%
trop
0%
trop
0%
trop
0%
Tu
0%
tu
0%
Tu
0%
tu
0%
Tu
0%
Tu
0%
tu
0%
tu
0%
Tu
0%
Tu
0%
tu
0%
tu
0%
Tu
0%
Tu
0%
tu
0%
Tu
0%
Tu
0%
tu
0%
Tu
0%
Tu
0%
tu
0%
tu
0%
Tu
0%
tu
0%
Tu
0%
un
0%
un
0%
un
0%
un
0%
un
0%
une
0%
une
0%
une
0%
une
0%
une
0%
vas
0%
veux
0%
veux
0%
veux
0%
vie
0%
viens
0%
vis
0%
vis
0%
vis
0%
vis
0%
voir
0%
vois
0%
voiture
0%
voiture
0%
voiture
0%
voix
0%
vos
0%
voulait
0%
vrais
0%
vrais
0%
vrais
0%
vu
0%
vu
0%
Aucun quiz correspondant
Distribution des résultats
% des personnes avec chaque résultat
Percentile par nombre de réponses
Votre historique - résultats
Vous n’avez pas pris ce quiz depuis la dernière actualisation